[Event "Escacs 192"]
[Site "http://www.queenalice.com/game.php?id=1863669"]
[Date "2025.9.30"]
[Round "-"]
[White "alterego"]
[Black "Capixaba789"]
[Result "0-1"]
[WhiteElo "1634"]
[BlackElo "1904"]

1. d4 d5 2. c4 Nf6 3. c5 e5 4. g3 e4 5. Bg5 c6 6. e3 Be7 7. Bg2 Be6 8. Ne2 Nbd7
9. O-O O-O 10. Nf4 Bg4 11. f3 exf3 12. Bxf3 Bxf3 13. Rxf3 Ne4 14. Bxe7 Qxe7 15.
Nh5 f5 16. Nf4 Ndf6 17. Qb3 Ng4 18. Nc3 Nd2 19. Qd1 Nxf3+ 20. Qxf3 Qxe3+ 21.
Qxe3 Nxe3 22. Kf2 Rae8 23. Nce2 Ng4+ 24. Kf3 Nxh2+ 25. Kg2 Ng4 26. Nc3 a6 27.
Na4 Ne3+ 28. Kh3 g5 29. Nd3 Re6 30. Ne5 Rh6# 0-1

[Event "Escacs 193"]
[Site "http://www.queenalice.com/game.php?id=1863670"]
[Date "2025.9.30"]
[Round "-"]
[White "Capixaba789"]
[Black "alterego"]
[Result "1-0"]
[WhiteElo "1898"]
[BlackElo "1640"]

1. d4 g6 2. e4 Bg7 3. c4 a6 4. Nf3 e6 5. Nc3 Ne7 6. Bd3 Nec6 7. Be3 d6 8. O-O
Nd7 9. a3 O-O 10. Rb1 Na5 11. b4 Nc6 12. Ne2 Ne7 13. Ng3 c6 14. d5 exd5 15. exd5
cxd5 16. cxd5 Nxd5 17. Bg5 f6 18. Bd2 Ne5 19. Nxe5 Bg4 20. Nxg4 f5 21. Bc4 b5
22. Bxd5+ Kh8 23. Bxa8 Qxa8 24. Nh6 1-0

[Event "Escacs 196"]
[Site "http://www.queenalice.com/game.php?id=1863820"]
[Date "2025.10.4"]
[Round "-"]
[White "alterego"]
[Black "WoodpusherKid"]
[Result "0-1"]
[WhiteElo "1627"]
[BlackElo "2517"]

1. d4 d5 2. g3 b6 3. Bg2 Bb7 4. Nf3 e6 5. c3 Nf6 6. b4 Bd6 7. a4 O-O 8. O-O c5
9. b5 Nbd7 10. Nbd2 a6 11. dxc5 Nxc5 12. c4 axb5 13. cxb5 Re8 14. Ng5 h6 15. Nh3
e5 16. f4 Qe7 17. e4 exf4 18. Nxf4 Bxf4 19. Rxf4 Qe5 20. Nf3 Qxa1 21. exd5 Nxd5
22. Rf5 Ne3 0-1

[Event "Escacs 197"]
[Site "http://www.queenalice.com/game.php?id=1863821"]
[Date "2025.10.4"]
[Round "-"]
[White "WoodpusherKid"]
[Black "alterego"]
[Result "1-0"]
[WhiteElo "2518"]
[BlackElo "1625"]

1. g3 g6 2. e4 Bg7 3. d4 a6 4. Nc3 b5 5. Bg2 Nf6 6. e5 Nh5 7. Bxa8 c6 8. g4 Nf6
9. exf6 Bxf6 10. h4 d5 11. Bh6 Bd7 12. g5 Be5 13. dxe5 Be6 14. Nf3 Bg4 15. e6 f6
16. Rg1 Bxe6 17. Qd4 Kf7 18. gxf6 exf6 19. Ng5+ Ke7 20. Nxe6 Qd6 21. O-O-O Kxe6
22. Rge1+ Kf7 23. Qa7+ Nd7 24. Rxd5 1-0

[Event "Escacs 204"]
[Site "http://www.queenalice.com/game.php?id=1865238"]
[Date "2025.11.8"]
[Round "-"]
[White "alterego"]
[Black "alow_proton"]
[Result "0-1"]
[WhiteElo "1533"]
[BlackElo "1745"]

1. d4 d5 2. g3 Nf6 3. Bg2 Bg4 4. Nf3 Qd7 5. b3 Bh3 6. O-O Bxg2 7. Kxg2 e6 8. Ne5
Qd8 9. Bg5 Be7 10. Nd2 O-O 11. c4 c6 12. c5 Nfd7 13. Nxd7 Nxd7 14. Bxe7 Qxe7 15.
b4 e5 16. e3 f5 17. f4 exd4 18. exd4 Nf6 19. Re1 Qd7 20. Qc2 Rae8 21. Nf3 Ne4
22. Ne5 Qc7 23. Re3 Ra8 24. Nf3 Rae8 25. Ne5 Qe7 26. Qb3 a6 27. a4 g5 28. fxg5
Rb8 29. g6 h6 30. Rf1 Nd2 31. Qd1 Nxf1 32. Qxf1 Rbe8 33. Qf3 Qg5 34. h4 Qe7 35.
Qh5 Qg7 36. Kf3 Rf6 37. Kf4 Ree6 38. Nd7 Rxg6 39. Rxe6 Rxe6 40. Qxf5 Re4+ 41.
Kf3 Rxd4 42. Nf6+ Kf8 43. Qc8+ Kf7 44. Qxb7+ Kxf6 45. Qxc6+ Kf5 46. Qc8+ Ke5 47.
Qe8+ Kf6 48. Qe3 Qg4+ 49. Kg2 Qe4+ 50. Qxe4 Rxe4 51. c6 Rxb4 52. c7 Rc4 0-1

[Event "Escacs 205"]
[Site "http://www.queenalice.com/game.php?id=1865239"]
[Date "2025.11.8"]
[Round "-"]
[White "alow_proton"]
[Black "alterego"]
[Result "1-0"]
[WhiteElo "1500"]
[BlackElo "1575"]

1. e4 g6 2. d4 Bg7 3. Nf3 e6 4. e5 a6 5. a4 a5 6. Bg5 Ne7 7. Bc4 O-O 8. O-O Nbc6
9. Nc3 b6 10. d5 f6 11. exf6 Bxf6 12. Bxf6 Rxf6 13. dxc6 Nxc6 14. Qd2 Qe7 15.
Qg5 Nb4 16. Qd2 d5 17. Bb3 Ba6 18. Rfe1 c5 19. Nxd5 Nxd5 20. Bxd5 Rd8 21. Rad1
Bc8 22. Qg5 Qg7 23. Bc4 Rdf8 24. c3 h6 25. Qe5 Kh7 26. Qd6 Bd7 27. Qxd7 R8f7 28.
Qd8 Rf8 29. Qxb6 Re8 30. Ne5 Ref8 31. Rd7 R8f7 32. Nxf7 Rxf7 33. Rxf7 Qxf7 34.
Rxe6 1-0